| 000 | 03632nam a2201117 4500 | ||
|---|---|---|---|
| 003 | PE-LiUPU | ||
| 005 | 20250813185653.0 | ||
| 008 | 060622s2006 sp | o||| ||spa | ||
| 020 | _a9788437064055 | ||
| 040 |
_aSpMaBN _bspa _cPE-LiUPU _erdc _dPE-LiUPU |
||
| 082 |
_223 _a333.790905 _bS241r |
||
| 100 | 1 |
_aSapiña, Fernando _d1964-2018 _eautor |
|
| 245 | 1 | 3 |
_aEl reto energético : _bgestionando el legado de Prometeo / _cFernando Sapiña |
| 264 |
_a[Valencia] : _bPublicacions, Universitat de València, _c[2006] |
||
| 300 |
_a136 páginas : _bilustrado, gráficos ; _c24 centímetros. |
||
| 490 | 1 | _aSin fronteras | |
| 500 | _a"Finalista del Premio Europeo de Divulgación Científica, Estudi General 2004" | ||
| 504 | _aBibliografía: p. 125-136 | ||
| 505 | _aUn problema: la necesidad de un nuevo sistema de producción de energía -- La ciudad del carbón -- La ciudad de los coches -- La historia secreta del plomo -- Calentamiento global -- Problemas políticos y económicos -- ¿Se acaba el petróleo? -- Un reto para el siglo XXI -- Una visión: la economía del hidrógeno -- Hidrógeno -- Hidrógeno: Producción -- Hidrógeno: Distribución y almacenamiento -- Usos del hidrógeno en sistemas basados en una combustión convencional -- Las pilas de combustible -- Tipos de pilas de combustible -- La seguridad del hidrógeno -- Un experimento ambiental con hidrógeno -- La economía del hidrógeno -- De retos y obstáculos: hacia un sistema sostenible de producción de energía -- La mejora de la calidad del aire de las ciudades -- El secuestro del dióxido de carbono -- La energía nuclear, ¿Es la solución? -- La cuestión de la sostenibilidad del suministro energético -- Viabilidad de un sistema energético sostenible basado en energías renovables -- Energía hidroeléctrica -- Biomasa -- Energía eólica -- Energía solar fotovoltaica -- La transición -- El legado de Prometeo. | ||
| 526 | _aP202 | ||
| 526 | _aP201 | ||
| 526 | _aP163 | ||
| 526 | _aP162 | ||
| 526 | _aP161 | ||
| 526 | _aP160 | ||
| 526 | _aP148 | ||
| 526 | _aP147 | ||
| 526 | _aP146 | ||
| 526 | _aP145 | ||
| 526 | _aP144 | ||
| 526 | _aP143 | ||
| 526 | _aP142 | ||
| 526 | _aP141 | ||
| 526 | _aP140 | ||
| 526 | _aP139 | ||
| 526 | _aP138 | ||
| 526 | _aP137 | ||
| 526 | _aP136 | ||
| 526 | _aP135 | ||
| 526 | _aP134 | ||
| 526 | _aP133 | ||
| 526 | _aP129 | ||
| 526 | _aP128 | ||
| 526 | _aP127 | ||
| 526 | _aP120 | ||
| 526 | _aP119 | ||
| 526 | _aP118 | ||
| 526 | _aP116 | ||
| 526 | _aP115 | ||
| 526 | _aP114 | ||
| 526 | _aP110 | ||
| 526 | _aP109 | ||
| 526 | _aP108 | ||
| 526 | _aP104 | ||
| 526 | _aP103 | ||
| 526 | _aP102 | ||
| 526 | _aP99 | ||
| 526 | _aP98 | ||
| 526 | _aP97 | ||
| 526 | _aP96 | ||
| 526 | _aP95 | ||
| 526 | _aP93 | ||
| 526 | _aP90 | ||
| 526 | _aP89 | ||
| 526 | _aP88 | ||
| 526 | _aP83 | ||
| 526 | _aP82 | ||
| 526 | _aP62 | ||
| 526 | _aP59 | ||
| 526 | _aP58 | ||
| 526 | _aP57 | ||
| 526 | _aP51 | ||
| 526 | _aP49 | ||
| 526 | _aP48 | ||
| 526 | _aP47 | ||
| 526 | _aP29 | ||
| 526 | _aP24 | ||
| 526 | _aP20 | ||
| 526 | _aP19 | ||
| 526 | _aP17 | ||
| 526 | _aP15 | ||
| 526 | _aP14 | ||
| 526 | _aP12 | ||
| 526 | _aP10 | ||
| 526 | _aP09 | ||
| 526 | _aP08 | ||
| 526 | _aP07 | ||
| 526 | _aP06 | ||
| 526 | _aP05 | ||
| 526 | _aP04 | ||
| 526 | _aP01 | ||
| 650 | 7 |
_aRecursos energéticos renovables _2embne |
|
| 650 | 7 |
_aHidrógeno (Combustible) _2embne |
|
| 942 |
_2ddc _cBK _n0 |
||
| 999 |
_c61774 _d61774 |
||
| 980 |
_618226 _aJaime Vilcazán Jefe de Análisis Documental _81 _gALBERTO SANCHEZ Responsable de Automatización |
||